000 00336 a2200169 4500
001 184562
020 _a
040 _cMagnum
100 _aJose, Elias
240 1 0 _aToda sorte de magia
_lpor
245 1 0 _aToda sorte de magia
300 _a94
362 0 _a1996
440 1 _aLĂȘ
697 _aLITERATURA JUVENIL
942 _cBK
999 _c184562
_d184562